[Event "ITA-ch 74th"]
[Site "Boscotrecase"]
[Date "2014.11.28"]
[Round "6"]
[White "Altini, Nicola"]
[Black "Rombaldoni, Denis"]
[Result "1/2-1/2"]
[WhiteElo "2394"]
[BlackElo "2480"]
[PlyCount "200"]
[EventDate "2014.11.23"]
[EventType "tourn"]
[EventRounds "11"]
[EventCountry "ITA"]
[EventCategory "9"]
[SourceTitle "CBM 163 Extra"]
[Source "ChessBase"]
[SourceDate "2014.12.23"]
[SourceVersion "1"]
[SourceVersionDate "2014.12.23"]
[SourceQuality "1"]

1. d4 Nf6 2. c4 e6 3. Nc3 Bb4 4. e3 c5 5. Nge2 d6 6. dxc5 dxc5 7. Qxd8+ Kxd8 8. Bd2 Nc6 9. Nf4 Ba5 10. Nd3 Nd7 11. a3 a6 12. Rb1 Bc7 13. b4 cxb4 14. axb4 f5 15. Be2 Ke7 16. 0-0 Rd8 17. f4 Nb6 18. c5 Nc4 19. Bc1 b5 20. cxb6 Bxb6 21. Nc5 Nd2 22. Bxd2 Rxd2 23. Bf3 Nxb4 24. Bxa8 Bxc5 25. Nd1 Bd7 26. Rf2 Rd6 27. Bf3 a5 28. Ra1 a4 29. h3 Ra6 30. Rd2 Ra5 31. Kf2 a3 32. Nc3 a2 33. Nxa2 Ra3 34. Nxb4 Rxa1 35. Nc6+ Bxc6 36. Bxc6 Ra3 37. Re2 h6 38. g3 g5 39. h4 Kf6 40. hxg5+ hxg5 41. fxg5+ Kxg5 42. Kf3 e5 43. Bb7 Rc3 44. Bd5 Ba7 45. Bb7 e4+ 46. Bxe4 fxe4+ 47. Kxe4 Kg4 48. Ra2 Rxe3+ 49. Kd5 Bb8 50. Ra4+ Kxg3 51. Re4 Ra3 52. Rb4 Bf4 53. Ke4 Re3+ 54. Kd4 Re8 55. Rb7 Kf3 56. Rb3+ Be3+ 57. Kd5 Rh8 58. Rb4 Rh5+ 59. Ke6 Bf4 60. Rb3+ Kg4 61. Rb1 Re5+ 62. Kd7 Kf5 63. Rf1 Rc5 64. Rf2 Rc7+ 65. Kd8 Rh7 66. Rf1 Ke4 67. Rd1 Be5 68. Kc8 Rc7+ 69. Kd8 Kf5 70. Rd7 Rc6 71. Ke7 Rh6 72. Kf7 Bd6 73. Kg7 Rg6+ 74. Kf7 Rf6+ 75. Kg7 Bf8+ 76. Kg8 Ke6 77. Rb7 Rf1 78. Rb6+ Bd6 79. Kg7 Rg1+ 80. Kh6 Ke5 81. Kh7 Be7 82. Rg6 Rb1 83. Rg2 Bf6 84. Kg6 Ke6 85. Re2+ Be5 86. Rg2 Rb8 87. Rg4 Rf8 88. Rg5 Bf6 89. Rg4 Ke5 90. Kh5 Rb8 91. Kg6 Rh8 92. Ra4 Rg8+ 93. Kh5 Kf5 94. Ra5+ Be5 95. Ra6 Rb8 96. Rc6 Bd4 97. Ra6 Bc3 98. Kh4 Be5 99. Kh5 Rb4 100. Rc6 Rb3 1/2-1/2

[Event "ITA-ch 74th"]
[Site "Boscotrecase"]
[Date "2014.11.25"]
[Round "3"]
[White "Dvirnyy, Danyyil"]
[Black "Altini, Nicola"]
[Result "1/2-1/2"]
[WhiteElo "2515"]
[BlackElo "2394"]
[PlyCount "83"]
[EventDate "2014.11.23"]
[EventType "tourn"]
[EventRounds "11"]
[EventCountry "ITA"]
[EventCategory "9"]
[SourceTitle "CBM 163 Extra"]
[Source "ChessBase"]
[SourceDate "2014.12.23"]
[SourceVersion "1"]
[SourceVersionDate "2014.12.23"]
[SourceQuality "1"]

1. e4 e5 2. Nf3 Nc6 3. Bc4 Bc5 4. 0-0 Nf6 5. d3 0-0 6. Nbd2 a6 7. c3 Ba7 8. Bb3 d6 9. h3 h6 10. Re1 Nh5 11. Nc4 Qf6 12. Ne3 Nf4 13. Ng4 Bxg4 14. hxg4 Ne6 15. g3 g5 16. Kg2 Kg7 17. Rh1 Rh8 18. Qe2 Ne7 19. Bd2 Rad8 20. Rh5 c6 21. Rah1 Ng6 22. Bxe6 Qxe6 23. Rxh6 Rxh6 24. Nxg5 Qd7 25. Rxh6 Kxh6 26. Nxf7+ Kg7 27. Nxd8 Qxd8 28. g5 Qf8 29. Qf3 Qxf3+ 30. Kxf3 d5 31. Be1 Nf8 32. Kg4 Nd7 33. b4 Kg6 34. f4 Be3 35. f5+ Kg7 36. Kh5 a5 37. g4 dxe4 38. dxe4 axb4 39. cxb4 c5 40. bxc5 Nxc5 41. f6+ Kg8 42. Kg6 1/2-1/2

[Event "ITA-ch 74th"]
[Site "Boscotrecase"]
[Date "2014.11.24"]
[Round "2"]
[White "Altini, Nicola"]
[Black "David, Alberto"]
[Result "0-1"]
[WhiteElo "2394"]
[BlackElo "2578"]
[PlyCount "108"]
[EventDate "2014.11.23"]
[EventType "tourn"]
[EventRounds "11"]
[EventCountry "ITA"]
[EventCategory "9"]
[SourceTitle "CBM 163 Extra"]
[Source "ChessBase"]
[SourceDate "2014.12.23"]
[SourceVersion "1"]
[SourceVersionDate "2014.12.23"]
[SourceQuality "1"]

1. d4 Nf6 2. c4 e6 3. Nc3 Bb4 4. e3 0-0 5. Bd3 c5 6. Nf3 d5 7. 0-0 cxd4 8. exd4 dxc4 9. Bxc4 Bxc3 10. bxc3 Qc7 11. Qe2 Nbd7 12. Ne5 Nxe5 13. dxe5 Nd5 14. Ba3 Re8 15. Bd6 Qc6 16. Bxd5 exd5 17. Qd3 Bd7 18. Rfd1 Rac8 19. Qxd5 Qxd5 20. Rxd5 Rxc3 21. Rd2 Rec8 22. f3 Be6 23. a3 h6 24. Rb1 b6 25. Kf2 Kh7 26. Re1 Rb3 27. Re3 Rb1 28. Re1 Rb3 29. Re3 Rb5 30. Ree2 Rc3 31. Rb2 Rxb2 32. Rxb2 Kg6 33. Bb4 Rc1 34. Bd6 Rc3 35. Bb4 Rd3 36. Rd2 Rb3 37. Bd6 a5 38. a4 b5 39. axb5 Rxb5 40. f4 a4 41. Ke3 Kf5 42. g3 h5 43. h3 Kg6 44. Rd4 Rb3+ 45. Rd3 Bxh3 46. Rxb3 axb3 47. Kd3 Be6 48. Be7 Kf5 49. Bh4 Kg4 50. Kc3 g5 51. fxg5 Kf5 52. Kd3 Kxe5 53. Kc3 Ke4 54. Kb2 Ke5 0-1

[Event "Trieste op 16th"]
[Site "Trieste"]
[Date "2014.09.06"]
[Round "9"]
[White "Altini, Nicola"]
[Black "Srebrnic, Vojko"]
[Result "1-0"]
[WhiteElo "2413"]
[BlackElo "2191"]
[PlyCount "39"]
[EventDate "2014.08.30"]
[EventType "swiss"]
[EventRounds "9"]
[EventCountry "ITA"]
[SourceTitle "CBM 162 Extra"]
[Source "ChessBase"]
[SourceDate "2014.10.17"]
[SourceVersion "1"]
[SourceVersionDate "2014.10.17"]
[SourceQuality "1"]

1. e4 c5 2. Nf3 e6 3. b3 b6 4. Bb2 Bb7 5. Nc3 Nf6 6. Qe2 Nc6 7. e5 Ng4 8. Ne4 Be7 9. h3 Nh6 10. g4 f6 11. exf6 gxf6 12. g5 Ng8 13. 0-0-0 h6 14. g6 Kf8 15. Rg1 Kg7 16. Ng3 h5 17. Nh4 Nd4 18. Bxd4 cxd4 19. Ngf5+ exf5 20. Nxf5+ 1-0

[Event "Trieste op 16th"]
[Site "Trieste"]
[Date "2014.09.04"]
[Round "7"]
[White "Altini, Nicola"]
[Black "Larmuseau, Michiel"]
[Result "0-1"]
[WhiteElo "2413"]
[BlackElo "2143"]
[PlyCount "148"]
[EventDate "2014.08.30"]
[EventType "swiss"]
[EventRounds "9"]
[EventCountry "ITA"]
[SourceTitle "CBM 162 Extra"]
[Source "ChessBase"]
[SourceDate "2014.10.17"]
[SourceVersion "1"]
[SourceVersionDate "2014.10.17"]
[SourceQuality "1"]

1. d4 Nf6 2. c4 e6 3. Nc3 Bb4 4. e3 0-0 5. Nge2 Re8 6. a3 Bf8 7. d5 d6 8. Ng3 exd5 9. cxd5 c5 10. Be2 Na6 11. 0-0 Rb8 12. e4 Bd7 13. f3 Nc7 14. a4 a6 15. a5 b5 16. axb6 Rxb6 17. Re1 g6 18. Ra2 Qb8 19. Bg5 Bg7 20. Qd2 Qb7 21. Bc4 Bb5 22. Bxb5 axb5 23. Rea1 b4 24. Nd1 Nb5 25. Ne2 Nd7 26. Ne3 Qc7 27. Nc4 Rb7 28. Bf4 Nb6 29. Nxb6 Rxb6 30. Ra8 Rbb8 31. R8a6 Red8 32. Rc6 Qe7 33. Raa6 Ra8 34. Bxd6 Nxd6 35. Rxd6 Qxd6 36. Rxd6 Rxd6 37. Qc2 Ra2 38. Qxc5 Rd8 39. d6 Rxb2 40. Qc7 Bf6 41. e5 Bh4 42. Qc4 Rb1+ 43. Nc1 Bg5 44. f4 b3 45. Kf2 b2 46. Na2 Rc1 47. Nxc1 b1Q 48. Nd3 Qb6+ 49. Kf3 Bh6 50. Nb4 Bf8 51. Nd5 Qb7 52. Kg3 Bxd6 53. exd6 Rxd6 54. Ne3 Qd7 55. Kf3 Rd3 56. Qe4 Qd6 57. Qe8+ Kg7 58. Qe4 Rd4 59. Qe5+ Qxe5 60. fxe5 Kf8 61. Nc2 Ra4 62. Ke3 Ke7 63. Nd4 Ra2 64. g4 Rxh2 65. Kf4 h6 66. Nc6+ Kd7 67. Nd4 Ra2 68. g5 Ra4 69. gxh6 Rxd4+ 70. Kg5 Ke6 71. h7 Rd8 72. Kf4 Rh8 73. Kg4 Rxh7 74. Kg5 Kxe5 0-1

[Event "Trieste op 16th"]
[Site "Trieste"]
[Date "2014.09.03"]
[Round "6"]
[White "Altini, Nicola"]
[Black "Larmuseau, Maarten"]
[Result "1/2-1/2"]
[WhiteElo "2413"]
[BlackElo "2236"]
[PlyCount "119"]
[EventDate "2014.08.30"]
[EventType "swiss"]
[EventRounds "9"]
[EventCountry "ITA"]
[SourceTitle "CBM 162 Extra"]
[Source "ChessBase"]
[SourceDate "2014.10.17"]
[SourceVersion "1"]
[SourceVersionDate "2014.10.17"]
[SourceQuality "1"]

1. d4 Nf6 2. c4 e6 3. Nc3 Bb4 4. e3 0-0 5. Nge2 Re8 6. a3 Bf8 7. d5 d6 8. g3 Nbd7 9. Bg2 Ne5 10. b3 exd5 11. cxd5 Bg4 12. f4 Ned7 13. h3 Bxe2 14. Qxe2 Nc5 15. Qc2 Qe7 16. Bd2 g6 17. Rc1 Rac8 18. 0-0 Nce4 19. Nxe4 Nxe4 20. Bxe4 Qxe4 21. Qxe4 Rxe4 22. Kf2 c5 23. Kf3 Rce8 24. a4 f5 25. g4 Kf7 26. Rg1 Be7 27. Rc4 Bf6 28. Rgc1 b6 29. Rxe4 Rxe4 30. Rc4 Re8 31. e4 a6 32. exf5 gxf5 33. gxf5 Bd4 34. Rc1 Kf6 35. b4 Kxf5 36. bxc5 Bxc5 37. Rc4 b5 38. axb5 axb5 39. Rc2 Re4 40. Rb2 Rd4 41. Ke2 b4 42. Rb3 Ke4 43. Rg3 Kxd5 44. Rg7 b3 45. Rb7 Ke4 46. f5 Rd5 47. f6 Rf5 48. f7 b2 49. Rxb2 Rf2+ 50. Ke1 Rxf7 51. Rb8 Kd3 52. Rb3+ Ke4 53. Rb8 Kf3 54. Bg5 Kg3 55. h4 Kg4 56. Ke2 Bf2 57. Rb4+ Kh5 58. Rf4 Rxf4 59. Bxf4 Bc5 60. Bxd6 1/2-1/2

[Event "Trieste op 16th"]
[Site "Trieste"]
[Date "2014.09.02"]
[Round "5"]
[White "Wallis, Christopher"]
[Black "Altini, Nicola"]
[Result "1/2-1/2"]
[WhiteElo "2348"]
[BlackElo "2413"]
[PlyCount "134"]
[EventDate "2014.08.30"]
[EventType "swiss"]
[EventRounds "9"]
[EventCountry "ITA"]
[SourceTitle "CBM 162 Extra"]
[Source "ChessBase"]
[SourceDate "2014.10.17"]
[SourceVersion "1"]
[SourceVersionDate "2014.10.17"]
[SourceQuality "1"]

1. d4 d5 2. c4 c6 3. Nf3 Nf6 4. Nc3 dxc4 5. a4 Bf5 6. Ne5 Na6 7. e3 Nb4 8. Bxc4 e6 9. 0-0 Bd6 10. Qe2 h6 11. e4 Bh7 12. Nd3 Nxd3 13. Bxd3 e5 14. dxe5 Bxe5 15. f4 Bd4+ 16. Kh1 0-0 17. Rd1 Bg6 18. h3 Bxc3 19. bxc3 Bxe4 20. Bxe4 Nxe4 21. Rxd8 Ng3+ 22. Kh2 Nxe2 23. Rd7 b5 24. axb5 Nxc1 25. Rxc1 cxb5 26. Ra1 a6 27. Rd6 Rfc8 28. Raxa6 Rxa6 29. Rxa6 Rxc3 30. Rb6 Rb3 31. Rb8+ Kh7 32. g4 g5 33. f5 Kg7 34. Rb6 Rb1 35. Kg2 b4 36. Kh2 b3 37. Kg2 f6 38. Rb7+ Kf8 39. Rb6 Ke7 40. Re6+ Kf7 41. Rb6 b2 42. Rb7+ Ke8 43. Kh2 Kd8 44. Kg2 Kc8 45. Rb3 Kc7 46. Rb5 Kc6 47. Rb8 Kc5 48. Rc8+ Kd4 49. Rd8+ Ke3 50. Re8+ Kf4 51. Rb8 Ke5 52. Rb5+ Kd6 53. Rb8 Kc6 54. Rb3 Kd5 55. Rb8 Kc4 56. Rc8+ Kd3 57. Rd8+ Kc3 58. Rc8+ Kd2 59. Rd8+ Ke3 60. Re8+ Kf4 61. Rb8 Ke5 62. Rb5+ Kd6 63. Rb8 Kc7 64. Rb3 Kd7 65. Rb7+ Ke8 66. Rb8+ Kf7 67. Rb7+ Kg8 1/2-1/2